Lenguaje y realidad en Adam Schaff

保存先:
書誌詳細
第一著者: Muñoz Barquero, Elizabeth
フォーマット: 図書
言語:Undetermined
出版事項: San José, Costa Rica Escuela de Filosofía, Universidad de Costa Rica 1978
主題:
タグ: タグ追加
タグなし, このレコードへの初めてのタグを付けませんか!

MARC

LEADER 00000nam a2200000Ia 4500
008 170316s9999 xx 000 0 und d
040 |a cru BVZT 
090 |a TESIS 255 
100 |a Muñoz Barquero, Elizabeth 
245 |a Lenguaje y realidad en Adam Schaff 
260 |a San José, Costa Rica 
260 |b Escuela de Filosofía, Universidad de Costa Rica 
260 |c 1978 
300 |a 148 páginas 
650 |a TRABAJO FINAL DE GRADUACIÓN 
650 |a LICENCIATURA EN FILOSOFÍA 
650 |a ADAM SCHAFF 
999 |c 13872  |d 13872 
942 |c TFG  |h TESIS 255  |2 z